Statistiques concernant Pays les plus proches de la Nouvelle-Zélande

Cliquez ici pour prendre le quiz!

Statistiques générales

  • Ce quiz a été pris 569 fois
  • Le résultat moyen est 14 sur 20

Statistiques - réponses

kmpays% Correct
1303Australie
99%
4283Indonésie
90%
1857Fidji
87%
3472Papouasie-
Nouvelle-
Guinée
85%
1865Tonga
78%
2946Tuvalu
78%
2715Samoa
77%
1602Vanuatu
77%
4659Îles Marshall
74%
4830Micronésie
74%
2945Salomon
73%
3817Nauru
72%
5059Kiribati
71%
7243Malaisie
70%
6130Palaos
68%
6664Philippines
65%
5454Timor-Leste
62%
6807Etats-Unis
50%
2958Iles Cook
21%
2365Niue
16%

Distribution des résultats

Percentile par nombre de réponses

% des personnes avec chaque résultat

Votre développement - résultats

Vous n’avez pas pris ce quiz